| 000 | 00408nam a2200181Ia 4500 | ||
|---|---|---|---|
| 001 | 14503 | ||
| 005 | 20260306164919.0 | ||
| 008 | 260306t1996||||xx |||||||||||||| ||spa|| | ||
| 041 | _aESP | ||
| 082 |
_a515.15 _bE26 |
||
| 100 |
_aEdwards, C.H. _eAUT |
||
| 245 | 0 |
_aCálculo: _bcon geometría analítica |
|
| 260 | _c1996 | ||
| 300 |
_a _c |
||
| 650 | _aGEN | ||
| 654 | _aCMA | ||
| 942 |
_cLIB _dJUS _fJUS _2ddc _n |
||
| 999 |
_c14503 _d14503 |
||